000 00312nam a22001457a 4500
008 221118b ||||| |||| 00| 0 eng d
020 _a9780135312520
041 _aeng
080 _a575
082 _a575DEV
100 _a13
101 _aBIO
245 _aBIOTHICS AND SOCIETY
_cDEVRIES R
942 _2udc
_cBK
999 _c58946
_d58946